Statystyki dla ZKM Gdynia - X

Kliknij tutaj aby rozwiązać quiz!

Ogólne statystyki

  • Ten quiz został rozwiązany 8 razy
  • Średni wynik to 18 z 19

Statystyki odpowiedzi

Przystanek% Poprawnych
Akademia Marynarki Wojennej
100%
Anyżowa
100%
Cechowa
100%
Dąbrowa Centrum
100%
Hutnicza - Estakada
100%
Kacze Buki
100%
Kameliowa
100%
Karwiny Nowowiczlińska
100%
Leśna Polana
100%
Morska - Estakada
100%
Obłuże Centrum
100%
Oksywie Dolne
100%
Paprykowa
100%
Rdestowa - Leśny Zakątek
100%
Nasypowa
83%
Rdestowa - Kolonia
83%
Stocznia Wojenna
83%
Krzemowa
67%
Szafranowa
67%

Rozkład punktacji

Percentyl według liczby udzielonych odpowiedzi

Procent ludzi z każdym wynikiem

Twoja historia wyników

Nie rozwiązałeś tego quizu